Statistics for Largest Islands of the United States

Click here to take the quiz!

General Stats

  • This quiz has been taken 142 times
  • The average score is 12 of 100

Answer Stats

AreaState/TerritoryIsland% Correct
10,433 km²HawaiiHawai'i
95%
3,629 km²New YorkLong Island
88%
8,710 km²Puerto RicoPuerto Rico
88%
1,545 km²HawaiiO'ahu
86%
541 km²GuamGuam
69%
1,883 km²HawaiiMaui
67%
9,293 km²AlaskaKodiak Island
50%
153 km²New YorkStaten Island
50%
236 km²MassachusettsMartha's Vineyard
45%
1,430 km²HawaiiKaua'i
43%
673 km²HawaiiMoloka'i
38%
364 km²HawaiiLānaʻi
29%
212 km²U.S. Virgin IslandsSaint Croix
29%
180 km²N. Mariana IslandsSaipan
26%
2,722 km²AlaskaUnalaska Island
26%
534 km²MichiganIsle Royale
24%
166 km²TexasGalveston Island
21%
144 km²South CarolinaHilton Head Island
21%
896 km²AlaskaAttu Island
19%
542 km²TexasPadre Island
19%
194 km²CaliforniaSanta Catalina Island
19%
143 km²WashingtonSan Juan Island
17%
254 km²CaliforniaSanta Cruz Island
14%
144 km²MichiganBeaver Island
12%
280 km²MaineMount Desert Island
12%
725 km²AlaskaAdak Island
10%
1,061 km²AlaskaAtka Island
10%
278 km²AlaskaKiska
10%
5,135 km²AlaskaSaint Lawrence Island
10%
324 km²MichiganDrummond Island
7%
4,209 km²AlaskaNunivak Island
7%
148 km²WashingtonOrcas Island
7%
6,675 km²AlaskaPrince of Wales Island
7%
147 km²CaliforniaSan Clemente Island
7%
132 km²Puerto RicoVieques
7%
4,362 km²AlaskaAdmiralty Island
5%
5,388 km²AlaskaChichagof Island
5%
194 km²AlabamaDauphin Island
5%
180 km²HawaiiNiihau
5%
529 km²AlaskaTanaga Island
5%
4,119 km²AlaskaUnimak Island
5%
437 km²WashingtonWhidbey Island
5%
234 km²AlaskaAgattu
2%
168 km²AlaskaAkun Island
2%
309 km²AlaskaAmchitka
2%
459 km²AlaskaAmlia
2%
4,065 km²AlaskaBaranof Island
2%
175 km²AlaskaHawkins Island
2%
181 km²AlaskaHeceta Island
2%
217 km²South CarolinaJohns Island
2%
369 km²AlaskaKanaga Island
2%
259 km²LouisianaMarsh Island
2%
157 km²TexasMatagorda Island
2%
209 km²CaliforniaSanta Rosa Island
2%
215 km²AlaskaSeguam Island
2%
167 km²AlaskaSukkwan Island
2%
180 km²AlaskaTugidak Island
2%
135 km²American SamoaTutuila
2%
1,793 km²AlaskaUmnak
2%
560 km²AlaskaWrangell Island
2%
1,809 km²AlaskaAfognak
0%
334 km²AlaskaAkutan Island
0%
342 km²AlaskaAnnette Island
0%
167 km²AlaskaChuginadak Island
0%
147 km²GeorgiaCumberland Island
0%
655 km²AlaskaDall Island
0%
152 km²AlaskaDeer Island
0%
199 km²AlaskaDouglas Island
0%
149 km²AlaskaDuke Island
0%
133 km²AlaskaEsther Island
0%
870 km²AlaskaEtolin Island
0%
245 km²AlaskaGravina Island
0%
156 km²AlaskaGreat Sitkin Island
0%
312 km²AlaskaHagemeister Island
0%
445 km²AlaskaHinchinbrook Island
0%
260 km²AlaskaKnight Island
0%
438 km²AlaskaKosciusko Island
0%
435 km²AlaskaKruzof Island
0%
1,962 km²AlaskaKuiu Island
0%
2,813 km²AlaskaKupreanof Island
0%
546 km²AlaskaMitkof Island
0%
790 km²AlaskaMontague Island
0%
310 km²AlaskaNagai Island
0%
2,183 km²AlaskaNelson Island
0%
200 km²AlaskaRaspberry Island
0%
2,965 km²AlaskaRevillagigedo Island
0%
354 km²AlaskaSaint Matthew Island
0%
128 km²AlaskaSanak Island
0%
224 km²AlaskaSemisopochnoi Island
0%
168 km²AlaskaShuyak Island
0%
309 km²AlaskaSitkalidak Island
0%
169 km²AlaskaSitkinak Island
0%
145 km²AlaskaStuart Island
0%
135 km²AlaskaSuemez Island
0%
128 km²MichiganSugar Island
0%
147 km²AlaskaUganik Island
0%
461 km²AlaskaUnga Island
0%
212 km²AlaskaYakobi Island
0%
172 km²AlaskaYunaska Island
0%
478 km²AlaskaZarembo Island
0%

Score Distribution

Percentile by Number Answered

Percent of People with Each Score

Your Score History

You have not taken this quiz